|
|
|
|
| LEADER |
00000nab#a22000007a#4500 |
| 001 |
arbauad027184 |
| 003 |
AR-BaUAD |
| 005 |
20250711112230.0 |
| 008 |
970611|||||||||###||||||b###|0###a|spa|| |
| 040 |
|
|
|a AR-BaUAD
|c AR-BaUAD
|b spa
|
| 100 |
|
|
|a Runkel, Wolfrang
|
| 245 |
|
|
|a El departamento de Gauck :
|b el archivo del "Stasi" hoy /
|c Wolfrang Runkel;
|
| 653 |
|
|
|a ARCHIVOS
|
| 653 |
|
|
|a ALEMANIA
|
| 653 |
|
|
|a INFORMACION
|
| 653 |
|
|
|a DOCUMENTOS
|
| 773 |
0 |
|
|t Kulturchronik
|g año 14, no. 5 [1996], p. 29-33
|
| 942 |
|
|
|c ARTI
|
| 952 |
|
|
|0 0
|1 0
|4 0
|7 0
|9 72103
|a AR-BAuAD
|b AR-BAuAD
|d 2025-07-11
|l 0
|p AAQA027184
|r 2025-07-11 11:22:30
|w 2025-07-11
|y ARTI
|
| 990 |
|
|
|a S199
|b TD
|
| 998 |
|
|
|a AAQ
|b BIBUN76
|
| 999 |
|
|
|c 51776
|d 51776
|